000 00326nam a22001337a 4500
020 _a817288222
082 _a331.
_bBHA/EC
100 _aBhagoliwal T.N.
_91370
245 _aEconomics of Labour and Industrial Relations
250 _a1 st
260 _aAgra
_bSahitya Bhawan Publications
_c2005
300 _a675
942 _cBBS
999 _c14752
_d14752